000 00250nam a2200109Ia 4500
008 190216s9999||||xx |||||||||||||| ||und||
100 _aKaladi Gopinath
245 0 _aEzhurathrikal
260 _bNbs Kottayam
650 _aMalayalam Novel
942 _cBK
999 _c26151
_d26151